| 000 | 00745nam1a22002051i 4500 | ||
|---|---|---|---|
| 001 | rc\4540864 | ||
| 005 | 20240724180852.0 | ||
| 035 | _a(NLR Aleph) 008360427 | ||
| 090 |
_a8994757 _c8994757 |
||
| 100 | _a20130416d1956 |||y0rusy50 ca | ||
| 101 | 0 | _arus | |
| 102 | _aRU | ||
| 105 | _a g ||||| | ||
| 200 | 1 |
_aКлиматологический справочник [по] СССР _fГл. упр. гидрометеорол. службы при Совете Министров СССР. Приволж. упр. гидрометеорол. службы |
|
| 210 |
_aЛенинград _cГидрометеоиздат _d1956 |
||
| 215 | _d27 | ||
| 801 | 0 |
_aRU _bNLR _gpsbo |
|
| 801 | 1 |
_aRU _bELAR _2rusmarc |
|
| 852 |
_aNLR _jГн10 Г-7/33 |
||
| 942 | _cBOOK | ||